Daily Capital City Riddle #112 - Statistics

General Stats
  • This quiz has been taken 47 times
  • The average score is 28 of 33
Answer Stats
Type Answer % Correct
Found Letter A
100%
Alphabet Letter B
100%
Alphabet Letter I
100%
Alphabet Letter L
100%
Alphabet Letter N
100%
Found Letter R
100%
Alphabet Letter T
100%
Alphabet Letter D
97%
Alphabet Letter E
97%
Found Letter S
97%
Alphabet Letter C
95%
Alphabet Letter H
95%
Alphabet Letter O
95%
Alphabet Letter U
95%
Correctly Placed Letter A
92%
Alphabet Letter G
92%
Found Letter M
92%
Alphabet Letter P
89%
Correctly Placed Letter A
87%
Alphabet Letter W
87%
Alphabet Letter Y
84%
Alphabet Letter J
82%
Alphabet Letter K
79%
Correctly Placed Letter A
74%
Alphabet Letter V
74%
Correctly Placed Letter M
71%
Alphabet Letter X
71%
Alphabet Letter Z
68%
Alphabet Letter F
63%
Alphabet Letter Q
63%
Correctly Placed Letter R
63%
Mystery Capital Asmara
61%
Correctly Placed Letter S
61%
No matching quizzes found
Score Distribution
Percent of People with Each Score
Percentile by Number Answered
Your Score History
You have not taken this quiz